000
00304nam a22001457a 4500
003
SGT
082
_a
340.59,KOH
100
_a
KOHLI,H.D
245
_a
MUSLIM LAW CASES AND MATERIALS
250
_a
1ST
260
_a
NEW DELHI
_b
UNIVERSAL
_c
2012
300
_a
647
653
_a
MUSLIM LAW
942
_2
ddc
_c
BK
999
_c
9788
_d
9788